000 00497nam a2200181 i 4500
001 145926
003 ES-MaACL
007 t|
008 071018s1927 fr ||||1| fre d
100 1 _aVerdal, Georges.
_9114003
245 1 3 _aLe Cid Campeador /
_cGeorges Verdal.
260 _aParis :
_bLarousse,
_c1927.
300 _a126 p. ;
_c20 cm.
490 1 _aRecits et legendes d'Espagne
830 0 _aRecits et legendes d'Espagne
_9220804
852 _aES-MaACL
_jB-6267
999 _c145926
_d145926